[Event "Mlada Boleslav Region-ch U14"]
[Site "Mlada Boleslav"]
[Date "2017.06.24"]
[Round "4"]
[White "Jelinek, Frantisek"]
[Black "Zemen, Pavel"]
[Result "0-1"]
[WhiteElo "1021"]
[BlackElo "1397"]
[PlyCount "80"]
[EventDate "2017.06.24"]
[EventType "swiss"]
[EventRounds "7"]
[EventCountry "CZE"]
[SourceTitle "CBM 179 Extra"]
[Source "ChessBase"]
[SourceDate "2017.08.23"]
[SourceVersion "1"]
[SourceVersionDate "2017.08.23"]
[SourceQuality "1"]

1. e4 e6 2. d4 d5 3. exd5 exd5 4. Be3 Bd6 5. Nd2 Bf5 6. g3 Ne7 7. Bg2 c6 8. Ngf3 Nd7 9. 0-0 0-0 10. c3 f6 11. Qb3 b5 12. Nh4 a5 13. Nxf5 Nxf5 14. Qc2 Ne7 15. a4 b4 16. c4 Qc8 17. b3 Qb7 18. c5 Bc7 19. Qd1 Rfe8 20. Bh3 Nf8 21. Qf3 Neg6 22. Qh1 Kf7 23. Bg2 Qc8 24. h4 Ne7 25. Bh3 Qb8 26. Qf3 Qd8 27. Qh5+ g6 28. Qf3 Ng8 29. h5 Kg7 30. hxg6 hxg6 31. Kg2 Ne6 32. Rh1 f5 33. Rh2 Ng5 34. Bxg5 Qxg5 35. Bxf5 Qxf5 36. Qxf5 gxf5 37. Rah1 Nf6 38. Nf3 f4 39. g4 Rh8 40. Ng5 f3+ 0-1

[Event "Mlada Boleslav Region-ch U14"]
[Site "Mlada Boleslav"]
[Date "2017.06.24"]
[Round "3"]
[White "Lastovka, Ondrej"]
[Black "Jelinek, Frantisek"]
[Result "0-1"]
[WhiteElo "1514"]
[BlackElo "1021"]
[PlyCount "34"]
[EventDate "2017.06.24"]
[EventType "swiss"]
[EventRounds "7"]
[EventCountry "CZE"]
[SourceTitle "CBM 179 Extra"]
[Source "ChessBase"]
[SourceDate "2017.08.23"]
[SourceVersion "1"]
[SourceVersionDate "2017.08.23"]
[SourceQuality "1"]

1. e4 e5 2. f4 exf4 3. Nf3 Be7 4. Be2 Bh4+ 5. Kf1 d5 6. exd5 Qxd5 7. Nc3 Qc5 8. d4 Qb6 9. Nd5 Qc6 10. Nxc7+ Qxc7 11. Nxh4 g5 12. Nf3 h6 13. Kf2 Nf6 14. Re1 0-0 15. b3 Ne4+ 16. Kg1 Qc3 17. Ba3 Qe3+ 0-1